Statystyki dla Kliknij aby przetłumaczyć - francuski

Kliknij tutaj aby rozwiązać quiz!

Ogólne statystyki

  • Ten quiz został rozwiązany 2 273 razy
  • Średni wynik to 8 z 20

Statystyki odpowiedzi

HintOdpowiedź% Poprawnych
WinoVin
73%
KomputerOrdinateur
54%
MiastoVille
51%
ŚrodaMercredi
48%
DomMaison
46%
KońCheval
45%
KsiążkaLivre
44%
SklepMagasin
43%
ChlebPain
41%
JabłkoPomme
38%
ŁódźBateau
36%
TydzieńSemaine
36%
SamochódVoiture
36%
DrzewoArbre
35%
ŻółtyJaune
35%
RybaPoisson
34%
GłowaTête
34%
TrawaHerbe
32%
RzekaFleuve
28%
ChmuraNuage
25%

Rozkład punktacji

Percentyl według liczby udzielonych odpowiedzi

Procent ludzi z każdym wynikiem

Twoja historia wyników

Nie rozwiązałeś tego quizu